1999 ölümünün 7. yıldönümünde Necdet Evliyagil 3. şiir ve yazı yarışması (Record no. 4147)

MARC details
000 -BAŞLIK
Sabit Uzunlukta Kontrol Alanı 00798na a2200241 4500
001 - KONTROL NUMARASI
Denetim Alanı 14292
003 - KONTROL NUMARASI IDENTIFIER
Denetim Alanı MIRAKIL
005 - SON İŞLEM TARİHİ VE ZAMANI
Denetim Alanı 20181213154955.0
008 - SABİT-BOY VERİ ELEMANLARI - GENEL BİLGİLER
Sabit Uzunlukta Kontrol Alanı 161028b tu 000 0
035 ## - SİSTEM KONTROL NUMARASI
Sistem Kontrol Numarası 14292
040 ## - KATALOGLAMA KAYNAK
Orijinal Kataloglama Ajansı Milas
Kataloglama Dili tur
Metne Dönüştürmek Ajansı TR-AnCHP
041 ## - DİL KODU
Metin / Ses Parça Veya Ayrı Başlığın Dil Kodu tur
082 ## - DEWEY ONLU SINIFLANDIRMA NUMARASI
Sınıflandırma Numarası 790.134
Ürün Numarası N31b 1999
090 ## - SINIFLAMA NUMARASI
Sınıflama Numarası 790.134 N31b 1999
111 ## - ANA GİRİŞ - TOPLANTI ADI
Giriş Elemanı Olarak Toplantı Adı Veya Yargı Alanı Adı Necdet Evliyagil şiir ve yazı yarışması
Toplantının Yeri Ankara
Toplantı Veya Antlaşma İmzalandığı Tarihi 1999
Bölüm / Bölüm / Toplantı Sayısı 3
245 ## - BAŞLIK TABLOSU
Başlık 1999 ölümünün 7. yıldönümünde Necdet Evliyagil 3. şiir ve yazı yarışması
Başlığın Kalan "75. yılında Cumhuriyet'imiz"
Sorumluluk Tablosu, Vb Düzenleyen Ajans-Türk Vakfı
246 ## - UNVAN FORM VARYING
Başlık Doğru / Kısa Başlığı 75. yılında Cumhuriyetimiz
260 ## - YAYIN, DAĞITIM, VB
Yayın, Dağıtım, Vb Yeri Ankara
Yayıncı, Dağıtıcı, Vs Adı Ajans-Türk Vakfı
Yayın, Dağıtım, Vb Tarihi 1999
300 ## - FİZİKSEL TANIM
Kapsam 43 s.
Boyutlar 20 sm.
650 ## - KONU KATMA GİRİŞ - TOPİKAL DÖNEM
Topikal Süreli Veya Coğrafi Ad Giriş Elemanı Yarışmalar
Genel Alt Bölümü Türkçe şiirler
710 ## - KATMA GİRİŞ - KURUMSAL ADI
Giriş Elemanı Olarak Kurumsal Ad Veya Yargı Alanı Adı Ajans-Türk Vakfı
942 ## - EKLENDİ GİRİŞ ELEMANLARI (KOHA)
Sınıflandırma Veya Raf Düzeni Kaynak
Koha Öğesi Türü Books
999 ## - SİSTEM KONTROL NUMARALARI (KOHA)
Koha Biblionumber 4147
Koha Biblioitemnumber 4147
Holdings
Kalıcı Konum Mevcut Konum Edinme Tarihi Edinim Kaynak Toplam Check-Out'Lar Tam Çağrı Numarası Barkod Tarih Son Görülme İtibaren Geçerli Fiyatlar Koha Öğesi Türü
CHP Kütüphanesi CHP Kütüphanesi 08/26/2016 Bağış   790.134 N31b 1999 002099 08/26/2016 08/26/2016 Books